| 000 | 00506nas a2200169 a 4500 | ||
|---|---|---|---|
| 008 | 070427c20069999||||||||||||||||| || u | ||
| 022 | _a17277140 | ||
| 050 | _aCOMM(O5) | ||
| 110 | _aUNISA | ||
| 245 | 1 | 0 |
_aCommonwealth: Youth and development _cby the University of South Africa(UNISA) |
| 260 |
_aRepublic of South Africa: _bUniversity of South Africa (UNISA) _c2006 |
||
| 300 | _a62p.; ill. | ||
| 350 | _a0.00 | ||
| 362 | 1 | _avol.4 No.1 | |
| 650 | _aEDUCATION DEVELOPMENT--PERIODICALS | ||
| 650 | _aYOUTH | ||
| 999 |
_c37899 _d37899 |
||